| 000 | 00542nam a2200181Ia 4500 | ||
|---|---|---|---|
| 008 | 090124s9999 xx 000 0 und d | ||
| 082 | _b34759 | ||
| 100 | _aकर्णिक मधु मंगेश | ||
| 245 | _a समर्पण | ||
| 250 | _a0 | ||
| 260 |
_bदिलीप प्रकाशन _c1992 |
||
| 300 | _a221 | ||
| 600 | _aकर्णिक मधु मंगेश | ||
| 630 | _a समर्पण | ||
| 700 | _aकर्णिक मधु मंगेश | ||
| 730 | _a समर्पण | ||
| 942 | _cBOOK | ||
| 999 |
_c100923 _d100923 |
||